=LDR 00000nam 2200000 4500 =001 INLIS000000000048449 =005 20161103085642.0 =006 =007 =008 =020 ##$$a 978-602-9052-20-6 =035 ##$$0010-111600000000028 =040 ##$$a NBPDMAT =082 ##$$a 390.009 598 14 =090 ##$$a 390.009 598 14$bSit p =100 ##$$a Siti Rohana =245 ##$$a Porari : $b Kerjasama tradisional di Rokan Hulu, Riau $c / Siti Rohana; editor Bambang Rudito =260 ##$$a Jakarta $b Dirjen Nilai Budaya Seni dan Film Kemen Kebudayaan dan Pariwisata $c 2012 =300 ##$$a xi, 89 hlm. : $b ilus. ; $c 20 cm =500 ##$$a Bibliografi hlm. : 87 - 88 =650 ##$$a Rokan Hulu Riau - Kehidupan Sosial dan Adat Istiadat =850 ##$$a NBPDMAT =990 ##$$a 31600226